Statistics for Category Elimination - Hamilton Songs

Click here to take the quiz!

General Stats

  • This quiz has been taken 826 times
  • The average score is 5 of 6

Answer Stats

CluesAnswer% Correct
Name a Hamilton songAlexander Hamilton; Aaron Burr, Sir; My Shot...
100%
...in Act TwoWhat'd I Miss, Cabinet Battle #1, Take a Break...
97%
...with a noun in the titleCabinet Battle #1, Take a Break, The Room Where It Happens...
89%
...featuring any Schuyler sisterTake a Break, Schuyler Defeated, The Reynolds Pamphlet...
85%
...that is less than two minutes longThe Reynolds Pamphlet, It's Quiet Uptown, The Election of 1800...
76%
...with no verbs in the titleBest of Wives and Best of Women
35%

Score Distribution

Percentile by Number Answered

Percent of People with Each Score

Your Score History

You have not taken this quiz